Valores propios complejos en mecánica cuántica: polos de regge y modelo óptico

Saved in:
Bibliografiske detaljer
Hovedforfatter: López S., Carlos A. (autor)
Format: Bog
Sprog:spansk
Udgivet: Santiago Andrés Bello 1973
Serier:Monografías en Ciencias Exactas, 1
Fag:
Tags: Tilføj Tag
Ingen Tags, Vær først til at tagge denne postø!

MARC

LEADER 00000nam a2200000 a 4500
001 UCX1671
003 CL-VaPUC
008 901015e19730000CL |||||||||||||||||spa|d
082 0 4 |a 530.12  |b LOP  |2 21 
100 |a López S., Carlos A.  |e autor  |9 346131 
245 1 0 |a Valores propios complejos en mecánica cuántica: polos de regge y modelo óptico 
300 |a 103 p 
942 |c BK 
945 |d 19901015 00:00:00 
260 |a Santiago  |b Andrés Bello  |c 1973 
650 0 |a Teoría cuántica  |9 266148 
583 |a last modification  |c 19901015 00:00:00  |k Rodrigo Vera 
490 0 |a Monografías en Ciencias Exactas, 1 
999 |c 222850  |d 222848 
952 |0 0  |1 0  |4 0  |6 530_120000000000000_LOP_1973  |7 0  |8 A  |9 218115  |a BIBCUR  |b BIBCUR  |d 2019-11-15  |i 3181545  |o 530.12 LOP 1973  |p 3181545  |r 2025-04-22  |w 2019-11-15  |y BK  |k BCB